000
00278nam a2200121Ia 4500
003
OSt
005
20260206094942.0
040
_c
LCC
050
_a
K 3320 .D73 M325 2009
100
_a
MCLEOD, IAN
245
0
_a
PRINCIPLES OF LEGISLATIVE AND REGULATORY DRAFTING
942
_c
BK
_2
lcc
999
_c
161929
_d
161929